| 000 | 00838nam a2200265 i 4500 | ||
|---|---|---|---|
| 001 | bg | ||
| 100 | 1 | _aSEIREG, Ali A. | |
| 245 | 1 | 0 |
_aOptimizing the shape of mechanical elements and structures / _cA. _nA. Seireg, Jorge Rodriguez. |
| 260 |
_aNew York [et al.] : _bMarcel Dekker, _c1997. |
||
| 300 |
_aXXXIII, 576 s. : _brys., wykr. ; _c24 cm. |
||
| 490 | 1 |
_aMechanical Engineering ; _v105 |
|
| 504 | _aBibliogr. przy rozdz. - Indeks. | ||
| 650 | 9 |
_aOptymalizacja _xstosowanie _xtechnika |
|
| 650 | 9 |
_aMaszyny _xbudowa i konstrukcje |
|
| 650 | 9 |
_aProjektowanie _xteoria |
|
| 700 | 1 | _aRODRIGUEZ, Jorge | |
| 830 | _aMechanical Engineering ; | ||
| 020 | _a0824795555 | ||
| 040 | _cBPK | ||
| 041 | 0 | _aen | |
| 080 | _a621.01:519.8:519.61/.65 | ||
| 920 | _a0-8247-9555-5 | ||
| 942 | _cKS | ||
| 008 | s pl f |000 0 pol | ||
| 999 |
_c32696 _d32696 |
||
| 856 |
_uhttp://koha.tu.koszalin.pl/cgi-bin/koha/opac-detail.pl?biblionumber=32696 _yKatalog online BPK |
||